000 00686nam a2200205 i 4500
001 106563
003 ES-MaACL
005 20250627063644.0
008 190702s1967 sp ||||1| spa d
100 1 _aCullmann, Oscar,
_d1902-1999
_942150
245 1 3 _aLa historia de la salvación /
_cOscar Cullmann ; [traducción de Victor Bazterrica].
260 _aMadrid :
_bPenínsula,
_c1967.
300 _a431 p. ;
_c20 cm.
490 1 _aColección Pensamiento Cristiano ;
_v10
650 0 4 _aSalvación.
_916978
700 0 _aBazterrica, Victor.
_926756
830 0 _aColección pensamiento cristiano
_v10
_9179624
852 _aES-MaACL
_jP-618-Ter-7
999 _c106563
_d106563